Stability and motion control of ocean vehicles; (Record no. 6076)
[ view plain ]
| 000 -LEADER | |
|---|---|
| fixed length control field | 01126nac a22002531u 4500 |
| 010 ## - LIBRARY OF CONGRESS CONTROL NUMBER | |
| LC control number | 70093041 |
| 020 ## - INTERNATIONAL STANDARD BOOK NUMBER | |
| International Standard Book Number | 0262510065 |
| 082 00 - DEWEY DECIMAL CLASSIFICATION NUMBER | |
| Classification number | 623.82 |
| Item number | ABK |
| 090 ## - LOCALLY ASSIGNED LC-TYPE CALL NUMBER (OCLC); LOCAL CALL NUMBER (OCLC) | |
| -- | 6076 |
| -- | 6076 |
| 100 ## - MAIN ENTRY--PERSONAL NAME | |
| Personal name | Abkowitz, Martin A., |
| 245 10 - TITLE STATEMENT | |
| Title | Stability and motion control of ocean vehicles; |
| Remainder of title | organization, development, and initial notes of a course of instruction in the subject |
| Statement of responsibility, etc | [by] Martin A. Abkowitz. |
| 260 ## - PUBLICATION, DISTRIBUTION, ETC. (IMPRINT) | |
| Place of publication, distribution, etc | Cambridge, |
| Name of publisher, distributor, etc | M.I.T. Press,c.[1969] |
| Date of publication, distribution, etc | c.[1969] |
| 300 ## - PHYSICAL DESCRIPTION | |
| Extent | 1 v. (various pagings) |
| Other physical details | illus. |
| Dimensions | 28 cm. |
| 440 #0 - | |
| -- | [Ocean engineering series, |
| -- | 3] |
| 500 ## - GENERAL NOTE | |
| General note | Prepared under the auspices of the Dept. of Naval Architecture and Marine Engineering, Massachusetts Institute of Technology. |
| 500 ## - GENERAL NOTE | |
| General note | "National Science Foundation: Sea grant project GH-1." |
| 500 ## - GENERAL NOTE | |
| General note | Distributer: Al-Ahram. |
| 504 ## - BIBLIOGRAPHY, ETC. NOTE | |
| Bibliography, etc | Includes bibliographies. |
| 511 ## - PARTICIPANT OR PERFORMER NOTE | |
| Participant or performer note | Catalogued By: Mahitab. |
| 650 #0 - SUBJECT ADDED ENTRY--TOPICAL TERM | |
| Topical term or geographic name as entry element | Stability of ships. |
| 650 #0 - SUBJECT ADDED ENTRY--TOPICAL TERM | |
| Topical term or geographic name as entry element | Ships |
| General subdivision | Hydrodynamics. |
| 710 2# - ADDED ENTRY--CORPORATE NAME | |
| Corporate name or jurisdiction name as entry element | Massachusetts Institute of Technology. |
| Subordinate unit | Dept. of Naval Architecture and Marine Engineering. |
| 942 ## - ADDED ENTRY ELEMENTS (KOHA) | |
| Item type | Book - Borrowing |
| Call number prefix | 623.82ABK |
| Withdrawn status | Item status | Damaged status | Not for loan | Home library | Current library | Shelving location | Date acquired | Source of acquisition | Total Checkouts | Full call number | Barcode | Date last seen | Koha item type |
|---|---|---|---|---|---|---|---|---|---|---|---|---|---|
| Central Library | Central Library | First floor | 07/11/2013 | Purchase | 623.82ABK | 000007676 | 15/07/2025 | Book - Borrowing |